[Event "Kiel op 30th"]
[Site "Kiel"]
[Date "2017.07.29"]
[Round "2"]
[White "Wichmann, Cliff"]
[Black "Oltzen, Samuel David"]
[Result "1-0"]
[WhiteElo "2297"]
[BlackElo "1990"]
[PlyCount "67"]
[EventDate "2017.07.29"]
[EventType "swiss"]
[EventRounds "9"]
[EventCountry "GER"]
[SourceTitle "EXT 2018"]
[Source "ChessBase"]
[SourceDate "2017.10.13"]
[SourceVersion "1"]
[SourceVersionDate "2017.10.13"]
[SourceQuality "1"]

1. d4 Nf6 2. Nf3 e6 3. c4 d5 4. Nc3 dxc4 5. e3 a6 6. Bxc4 b5 7. Bb3 Bb7 8. 0-0 Nbd7 9. Qe2 c5 10. Rd1 cxd4 11. exd4 Be7 12. d5 exd5 13. Nxd5 Nxd5 14. Bxd5 Bxd5 15. Rxd5 Qc7 16. Bd2 Nf8 17. Rc1 Qb7 18. Qe4 Ne6 19. Nd4 Nxd4 20. Rxd4 Qxe4 21. Rxe4 Kf8 22. Rc7 Bf6 23. g3 h5 24. h4 g6 25. Rf4 Be7 26. Bc3 Rh7 27. Re4 Bd6 28. Rd7 Bc5 29. Re5 Bb6 30. Rb7 Ba7 31. Ree7 Bc5 32. Rec7 Bd6 33. Rd7 Bc5 34. b4 1-0

[Event "Hofheim Spring op-A 5th"]
[Site "Hofheim"]
[Date "2017.04.08"]
[Round "2"]
[White "Oltzen, Samuel David"]
[Black "Pogan, Nikolas"]
[Result "0-1"]
[WhiteElo "1905"]
[BlackElo "2282"]
[PlyCount "64"]
[EventDate "2017.04.07"]
[EventType "swiss"]
[EventRounds "9"]
[EventCountry "GER"]
[SourceTitle "CBM 177 Extra"]
[Source "ChessBase"]
[SourceDate "2017.04.27"]
[SourceVersion "1"]
[SourceVersionDate "2017.04.27"]
[SourceQuality "1"]

1. e4 d6 2. d4 Nf6 3. Nc3 e5 4. Nf3 Nbd7 5. Bc4 Be7 6. 0-0 0-0 7. a4 a6 8. Ba2 b6 9. h3 Bb7 10. Qe2 c6 11. dxe5 dxe5 12. Rd1 Qc7 13. Nh4 b5 14. Nf5 Nc5 15. Qf3 Kh8 16. Qg3 Ne8 17. b4 Nxa4 18. Nxa4 bxa4 19. Nxe7 Qxe7 20. Bb2 f6 21. Qd3 Bc8 22. Qa3 f5 23. Qxa4 Rf6 24. Qa5 fxe4 25. Qxe5 Be6 26. Qxe4 Rg6 27. Re1 Nc7 28. Qxc6 Rf8 29. Bxe6 Nxe6 30. Rxa6 Qf7 31. Re2 Nf4 32. Qf3 Rxa6 0-1

[Event "Leipzig VfB op 24th"]
[Site "Leipzig"]
[Date "2017.03.23"]
[Round "5"]
[White "Just, Gabriele"]
[Black "Oltzen, Samuel David"]
[Result "0-1"]
[WhiteElo "1914"]
[BlackElo "1853"]
[PlyCount "68"]
[EventDate "2017.03.21"]
[EventType "swiss"]
[EventRounds "9"]
[EventCountry "GER"]
[SourceTitle "EXT 2018"]
[Source "ChessBase"]
[SourceDate "2017.10.13"]
[SourceVersion "1"]
[SourceVersionDate "2017.10.13"]
[SourceQuality "1"]

1. d4 Nf6 2. Nf3 e6 3. Bg5 c5 4. e3 Qb6 5. Bxf6 gxf6 6. Qc1 Nc6 7. c3 d5 8. Nbd2 Rg8 9. Qc2 h6 10. Nh4 e5 11. dxc5 Bxc5 12. Qh7 Ne7 13. b4 Bxe3 14. fxe3 Qxe3+ 15. Be2 Qxc3 16. Rb1 e4 17. Bb5+ Bd7 18. Bxd7+ Kxd7 19. Kd1 Rac8 20. g3 Qc2+ 21. Ke2 Qd3+ 22. Ke1 Rc2 23. Nhf3 Qe3+ 24. Kd1 exf3 25. Qxc2 Qe2+ 26. Kc1 Rc8 27. Rb3 Rxc2+ 28. Kxc2 f2 29. Rf3 Nc6 30. Rf4 d4 31. Rf1 Nxb4+ 32. Kc1 Qe1+ 33. Kb2 Qxd2+ 34. Kb3 Qd3+ 0-1

[Event "Leipzig VfB op 24th"]
[Site "Leipzig"]
[Date "2017.03.22"]
[Round "2"]
[White "Oltzen, Samuel David"]
[Black "Brandt, Wolfgang"]
[Result "1-0"]
[WhiteElo "1853"]
[BlackElo "1699"]
[PlyCount "59"]
[EventDate "2017.03.21"]
[EventType "swiss"]
[EventRounds "9"]
[EventCountry "GER"]
[SourceTitle "EXT 2018"]
[Source "ChessBase"]
[SourceDate "2017.10.13"]
[SourceVersion "1"]
[SourceVersionDate "2017.10.13"]
[SourceQuality "1"]

1. e4 c6 2. d4 d5 3. e5 c5 4. dxc5 e6 5. a3 Nc6 6. Nf3 Bxc5 7. b4 Bb6 8. Bb2 Nge7 9. Bd3 Ng6 10. 0-0 Nf4 11. Bb5 a6 12. Ba4 0-0 13. Qd2 Ng6 14. Re1 Bd7 15. Nc3 Bc7 16. Bxc6 Bxc6 17. Ne2 b5 18. Nf4 Nxf4 19. Qxf4 Rc8 20. Qg4 Bb6 21. Bc1 f5 22. exf6 Qxf6 23. Bg5 Qf5 24. Qxf5 exf5 25. Re6 d4 26. Ne5 Be4 27. Rxb6 Rxc2 28. Rxa6 Re8 29. Nf3 h6 30. Nxd4 1-0

[Event "Leipzig VfB op 24th"]
[Site "Leipzig"]
[Date "2017.03.22"]
[Round "3"]
[White "Zuther, Torsten"]
[Black "Oltzen, Samuel David"]
[Result "1-0"]
[WhiteElo "2121"]
[BlackElo "1853"]
[PlyCount "57"]
[EventDate "2017.03.21"]
[EventType "swiss"]
[EventRounds "9"]
[EventCountry "GER"]
[SourceTitle "EXT 2018"]
[Source "ChessBase"]
[SourceDate "2017.10.13"]
[SourceVersion "1"]
[SourceVersionDate "2017.10.13"]
[SourceQuality "1"]

1. d4 Nf6 2. c4 e6 3. Nf3 d5 4. Nc3 dxc4 5. e4 a6 6. e5 Nd5 7. Bxc4 Nxc3 8. bxc3 b5 9. Bd3 Bb7 10. 0-0 Be7 11. Nd2 c5 12. Qg4 0-0 13. Ne4 Re8 14. Bg5 Nd7 15. Bxe7 Qxe7 16. Nd6 f5 17. Qg3 Reb8 18. Rfe1 cxd4 19. cxd4 Nf8 20. Bxf5 exf5 21. Nxf5 Qd7 22. e6 Nxe6 23. Rxe6 Re8 24. Rae1 Rxe6 25. Rxe6 Rc8 26. h3 Rc1+ 27. Kh2 Qc7 28. Re8+ Kf7 29. Re7+ 1-0

[Event "Heusenstamm Sparkassen op-A 3rd"]
[Site "Heusenstamm"]
[Date "2016.11.24"]
[Round "1"]
[White "Henrich, Thomas"]
[Black "Oltzen, Samuel David"]
[Result "1-0"]
[WhiteElo "2221"]
[BlackElo "1850"]
[PlyCount "73"]
[EventDate "2016.11.24"]
[EventType "swiss"]
[EventRounds "7"]
[EventCountry "GER"]
[SourceTitle "EXT 2018"]
[Source "ChessBase"]
[SourceDate "2017.10.13"]
[SourceVersion "1"]
[SourceVersionDate "2017.10.13"]
[SourceQuality "1"]

1. e4 d5 2. exd5 Qxd5 3. Nc3 Qa5 4. d4 Nf6 5. Bc4 c6 6. Nf3 Bg4 7. h3 Bxf3 8. Qxf3 e6 9. 0-0 Be7 10. Bf4 0-0 11. Rfe1 Re8 12. a3 Nd5 13. Bd2 Qb6 14. Qd3 Nd7 15. Ne4 Rad8 16. Ng5 N7f6 17. Ba2 Nc7 18. Be3 Ncd5 19. Bd2 Nc7 20. c3 c5 21. Qc2 cxd4 22. cxd4 Ncd5 23. Qd3 h6 24. Nf3 Nc7 25. b4 Nb5 26. Be3 Nd5 27. Ne5 Nbc3 28. Bc4 Nxe3 29. fxe3 f6 30. Ng6 Kf7 31. Nxe7 Rxe7 32. Qxc3 Kf8 33. Qd3 f5 34. Rad1 Qd6 35. Rf1 g6 36. e4 Kg7 37. Qe3 1-0

[Event "Kiel op 21th"]
[Site "Kiel"]
[Date "2008.08.09"]
[Round "1"]
[White "Budzyn, Matthias"]
[Black "Oltzen, Samuel David"]
[Result "1-0"]
[WhiteElo "2169"]
[BlackElo "1773"]
[PlyCount "81"]
[EventDate "2008.08.09"]
[EventType "swiss"]
[EventRounds "9"]
[EventCountry "GER"]
[SourceTitle "EXT 2009"]
[Source "ChessBase"]
[SourceDate "2008.11.26"]
[SourceVersion "1"]
[SourceVersionDate "2008.11.26"]
[SourceQuality "1"]

1. Nf3 d5 2. g3 Nc6 3. d4 Bf5 4. Bg2 Nf6 5. c4 e6 6. 0-0 dxc4 7. Qa4 Bd6 8. Ne5 Bxe5 9. Bxc6+ bxc6 10. dxe5 Nd7 11. Rd1 0-0 12. Nc3 Qe7 13. Qxc4 Nxe5 14. Qa4 Rfd8 15. Bf4 Ng6 16. Be3 Rxd1+ 17. Rxd1 Ne5 18. f4 Ng4 19. Qxc6 Rb8 20. Bxa7 Rd8 21. Rxd8+ Qxd8 22. h3 Nf6 23. Kh2 h6 24. Be3 Qe7 25. a3 Ne8 26. Bd4 Qd8 27. Nb5 Bb1 28. a4 Ba2 29. a5 Bd5 30. Qc3 Qa8 31. Qd2 Qb7 32. Nc3 Bh1 33. e3 Nd6 34. a6 Qc6 35. Qf2 Nf5 36. e4 Bxe4 37. Nxe4 Qxe4 38. Bc5 Qa8 39. a7 Nd6 40. Bxd6 cxd6 41. Qb6 1-0

[Event "Schleswig Holstein-ch U16 MT"]
[Site "Neumuenster"]
[Date "2008.03.25"]
[Round "2"]
[White "Schwarzat, Julian"]
[Black "Oltzen, Samuel David"]
[Result "1/2-1/2"]
[WhiteElo "1931"]
[BlackElo "1803"]
[PlyCount "47"]
[EventDate "2008.03.24"]
[EventType "tourn"]
[EventRounds "9"]
[EventCountry "GER"]
[SourceTitle "EXT 2009"]
[Source "ChessBase"]
[SourceDate "2008.11.26"]
[SourceVersion "1"]
[SourceVersionDate "2008.11.26"]
[SourceQuality "1"]

1. e4 e5 2. Nf3 d6 3. d4 exd4 4. Nxd4 Nf6 5. Nc3 Be7 6. Be2 0-0 7. 0-0 Re8 8. Re1 c6 9. a4 Bf8 10. Bc4 Nbd7 11. Bb3 Nc5 12. f3 Nxb3 13. Nxb3 d5 14. Bg5 dxe4 15. Qxd8 Rxd8 16. Nxe4 Be7 17. Nxf6+ Bxf6 18. Bxf6 gxf6 19. Re7 Kf8 20. Rae1 b6 21. R7e4 Bf5 22. Rc4 c5 23. g4 Be6 24. Rce4 1/2-1/2

[Event "Schleswig Holstein-ch U16 MT"]
[Site "Neumuenster"]
[Date "2008.03.24"]
[Round "1"]
[White "Oltzen, Samuel David"]
[Black "Marx, Joschka"]
[Result "0-1"]
[WhiteElo "1803"]
[BlackElo "1912"]
[PlyCount "92"]
[EventDate "2008.03.24"]
[EventType "tourn"]
[EventRounds "9"]
[EventCountry "GER"]
[SourceTitle "EXT 2009"]
[Source "ChessBase"]
[SourceDate "2008.11.26"]
[SourceVersion "1"]
[SourceVersionDate "2008.11.26"]
[SourceQuality "1"]

1. e4 d5 2. exd5 Qxd5 3. Nc3 Qa5 4. d4 Nf6 5. Nf3 c6 6. Bd3 Bg4 7. 0-0 e6 8. Bf4 Nbd7 9. Ne4 Nxe4 10. Bxe4 Nf6 11. Qd3 Rd8 12. Ne5 Nxe4 13. Nxg4 Qf5 14. Rfe1 Qxf4 15. Rxe4 Qg5 16. Ne5 Bd6 17. Rae1 0-0 18. c3 Bc7 19. Qe3 Qxe3 20. R4xe3 Rd5 21. R1e2 Rfd8 22. g3 c5 23. dxc5 Rxc5 24. Kg2 Rcd5 25. Nc4 Kf8 26. f4 a6 27. Re4 b5 28. Ne3 R8d7 29. Kf3 Bb6 30. Nf1 Rd3+ 31. Ne3 g6 32. h3 h5 33. g4 hxg4+ 34. hxg4 Kg7 35. Kg2 Bxe3 36. R4xe3 Rxe3 37. Rxe3 Rd2+ 38. Kf3 Rxb2 39. Re2 Rxe2 40. Kxe2 Kf6 41. Kd3 e5 42. Ke4 exf4 43. Kxf4 g5+ 44. Ke4 Ke6 45. a3 f6 46. Kd4 f5 0-1

[Event "GER-ch U12"]
[Site "Willingen"]
[Date "2004.06.02"]
[Round "7"]
[White "Lobmeyer, Fabian"]
[Black "Oltzen, Samuel David"]
[Result "1/2-1/2"]
[WhiteElo "1522"]
[BlackElo "1389"]
[PlyCount "29"]
[EventDate "2004.06.??"]
[EventType "swiss"]
[EventRounds "11"]
[EventCountry "GER"]
[SourceTitle "EXT 2005"]
[Source "ChessBase"]
[SourceDate "2004.11.15"]
[SourceVersion "1"]
[SourceVersionDate "2004.11.15"]
[SourceQuality "1"]

1. d4 d6 2. c4 f5 3. Nc3 Nf6 4. Nf3 g6 5. Bf4 Bg7 6. e3 0-0 7. Be2 Qe8 8. h3 Nfd7 9. Qb3 Kh8 10. Nb5 Na6 11. d5 c6 12. Nc3 Ndc5 13. Qc2 h6 14. h4 Qf7 15. a3 1/2-1/2

[Event "GER-ch U12"]
[Site "Willingen"]
[Date "2004.06.02"]
[Round "8"]
[White "Oltzen, Samuel David"]
[Black "Doberitz, Paul"]
[Result "1/2-1/2"]
[WhiteElo "1389"]
[BlackElo "1576"]
[PlyCount "96"]
[EventDate "2004.06.??"]
[EventType "swiss"]
[EventRounds "11"]
[EventCountry "GER"]
[SourceTitle "EXT 2005"]
[Source "ChessBase"]
[SourceDate "2004.11.15"]
[SourceVersion "1"]
[SourceVersionDate "2004.11.15"]
[SourceQuality "1"]

1. e4 c5 2. c3 d5 3. exd5 Qxd5 4. d4 Nf6 5. Nf3 Bg4 6. Be2 e6 7. 0-0 Nc6 8. h3 Bh5 9. Be3 cxd4 10. cxd4 Be7 11. Nc3 Qd6 12. a3 0-0 13. Qd2 Rfd8 14. Rfd1 a6 15. Na4 Nd5 16. Nc5 Qc7 17. Qe1 Bxf3 18. Bxf3 Nxd4 19. Bxd4 Bxc5 20. Rac1 Bxd4 21. Rxc7 Nxc7 22. Qb4 e5 23. Qxb7 Nb5 24. a4 Ra7 25. Qe4 Nd6 26. Qc6 Rb7 27. Rb1 Rb6 28. Qc2 Rdb8 29. b3 Rc8 30. Qe2 Rc3 31. Qd1 Rb8 32. Be2 Ne4 33. Kh2 Nxf2 34. Qd2 Ne4 35. Qa2 Rbc8 36. Bd1 Rc1 37. Rxc1 Rxc1 38. Qe2 Nc3 39. Qxa6 g6 40. Bf3 Kg7 41. Qd3 h5 42. g4 h4 43. a5 Ra1 44. b4 Ra2+ 45. Kh1 Ra1+ 46. Kh2 Ra2+ 47. Kh1 Ra1+ 48. Kh2 Ra2+ 1/2-1/2

[Event "GER-ch U12"]
[Site "Willingen"]
[Date "2004.06.01"]
[Round "6"]
[White "Oltzen, Samuel David"]
[Black "Korman, Maxim"]
[Result "0-1"]
[WhiteElo "1389"]
[BlackElo "1719"]
[PlyCount "122"]
[EventDate "2004.06.??"]
[EventType "swiss"]
[EventRounds "11"]
[EventCountry "GER"]
[SourceTitle "EXT 2005"]
[Source "ChessBase"]
[SourceDate "2004.11.15"]
[SourceVersion "1"]
[SourceVersionDate "2004.11.15"]
[SourceQuality "1"]

1. e4 e6 2. d4 d5 3. exd5 exd5 4. c4 Bb4+ 5. Nc3 Ne7 6. a3 Bxc3+ 7. bxc3 0-0 8. Nf3 Bg4 9. Be2 dxc4 10. Bxc4 Nd5 11. Bxd5 Qxd5 12. 0-0 Nc6 13. Bf4 Ne7 14. Qd3 Bxf3 15. gxf3 Ng6 16. Bg3 f5 17. c4 Qd7 18. f4 Rae8 19. Rfe1 Re7 20. Re3 Re6 21. Rxe6 Qxe6 22. Rd1 Re8 23. Kf1 Qe4 24. Qxe4 Rxe4 25. f3 Re3 26. Kf2 Rxa3 27. Rb1 b6 28. Rc1 h5 29. h3 Ra2+ 30. Kg1 Rd2 31. d5 Rd4 32. Kf2 Rd2+ 33. Kg1 h4 34. Bh2 a5 35. Rc3 Kf7 36. Rc1 Ke7 37. c5 Rxd5 38. cxb6 cxb6 39. Rc6 Rd6 40. Rc7+ Kf6 41. Rb7 a4 42. Ra7 b5 43. Ra5 Rb6 44. Kf2 Ne7 45. Ke2 Nc6 46. Ra8 Ke6 47. Re8+ Kd7 48. Rg8 a3 49. Rxg7+ Kc8 50. Rg1 b4 51. Rb1 a2 52. Ra1 b3 53. Bg1 b2 54. Rxa2 b1Q 55. Ra8+ Kb7 56. Rf8 Qxg1 57. Rxf5 Nd4+ 58. Kd3 Nxf5 59. Kc3 Qd4+ 60. Kc2 Ne3+ 61. Kc1 Qb2# 0-1

[Event "GER-ch U12"]
[Site "Willingen"]
[Date "2004.05.30"]
[Round "1"]
[White "Mihok, Oliver"]
[Black "Oltzen, Samuel David"]
[Result "1-0"]
[WhiteElo "2074"]
[BlackElo "1389"]
[PlyCount "51"]
[EventDate "2004.06.??"]
[EventType "swiss"]
[EventRounds "11"]
[EventCountry "GER"]
[SourceTitle "EXT 2005"]
[Source "ChessBase"]
[SourceDate "2004.11.15"]
[SourceVersion "1"]
[SourceVersionDate "2004.11.15"]
[SourceQuality "1"]

1. e4 e5 2. Nf3 Nc6 3. d4 exd4 4. Nxd4 Qh4 5. Nc3 Bb4 6. Ndb5 Qxe4+ 7. Be2 Bxc3+ 8. bxc3 Kd8 9. 0-0 a6 10. Nd4 Nxd4 11. cxd4 d5 12. Bf3 Qe6 13. Bf4 h6 14. Re1 Qc6 15. c4 Be6 16. Rc1 Qd7 17. cxd5 Bxd5 18. Bxc7+ Kc8 19. Bxd5 Qxd5 20. Re8+ Kd7 21. Rxa8 Qxa2 22. Rd8+ Ke6 23. Qg4+ f5 24. Qg6+ Ke7 25. Re1+ Qe2 26. Rxe2# 1-0

[Event "Greifswald op U20"]
[Site "Greifswald"]
[Date "2003.10.18"]
[Round "5"]
[White "Oltzen, Samuel David"]
[Black "Voelsgen, Georg"]
[Result "0-1"]
[WhiteElo "1396"]
[BlackElo "1437"]
[PlyCount "118"]
[EventDate "2003.10.16"]
[EventType "swiss"]
[EventRounds "7"]
[EventCountry "GER"]
[SourceTitle "EXT 2005"]
[Source "ChessBase"]
[SourceDate "2004.11.15"]
[SourceVersion "1"]
[SourceVersionDate "2004.11.15"]
[SourceQuality "1"]

1. e4 e5 2. Nc3 Nf6 3. f4 d6 4. fxe5 dxe5 5. Nf3 Bg4 6. h3 Bxf3 7. Qxf3 Nbd7 8. Bc4 Bc5 9. d3 h6 10. Be3 Bxe3 11. Qxe3 c6 12. a3 Qe7 13. g4 Nb6 14. Ba2 Nfd7 15. 0-0-0 Qg5 16. Qxg5 hxg5 17. Rdf1 f6 18. Rh2 0-0-0 19. Rfh1 Rh4 20. Ne2 Rdh8 21. Ng3 Kc7 22. Bf7 Nf8 23. Ba2 Ng6 24. Ne2 Nf4 25. Nxf4 gxf4 26. Bf7 Nd7 27. Be6 Nf8 28. Bb3 Nh7 29. Bf7 Ng5 30. Bh5 Kd6 31. b4 Kd7 32. c4 Rh6 33. Kb2 g6 34. Bxg6 Rxg6 35. Kb3 Rgh6 36. a4 Rxh3 37. Rxh3 Rxh3 38. Rf1 Rxd3+ 39. Kc2 Rh3 40. Rd1+ Ke7 41. c5 Nxe4 42. Re1 Nc3 43. a5 Nd5 44. Re4 Re3 45. Rxe3 Nxe3+ 46. Kd2 Nxg4 47. Ke2 e4 48. a6 bxa6 49. b5 axb5 50. Ke1 f3 51. Kf1 e3 52. Ke1 b4 53. Kd1 b3 54. Kc1 f2 55. Kb2 f1Q 56. Kxb3 e2 57. Kb4 e1Q+ 58. Ka4 Qb5+ 59. Ka3 Qa1# 0-1

[Event "GER-ch U12"]
[Site "Willingen"]
[Date "2003.06.10"]
[Round "6"]
[White "Oltzen, Samuel David"]
[Black "Frey, Alisa"]
[Result "1-0"]
[WhiteElo "1367"]
[BlackElo "1138"]
[PlyCount "63"]
[EventDate "2003.06.08"]
[EventType "swiss"]
[EventRounds "11"]
[EventCountry "GER"]
[SourceTitle "CBM 094 Extra"]
[Source "ChessBase"]
[SourceDate "2003.07.09"]
[SourceVersion "2"]
[SourceVersionDate "2003.07.09"]
[SourceQuality "1"]

1. e4 e5 2. Nc3 Nf6 3. f4 exf4 4. e5 Ng8 5. Nf3 Nc6 6. d4 Bb4 7. Bxf4 f6 8. Bc4 d5 9. exd6 cxd6 10. 0-0 Nge7 11. Qe2 Bxc3 12. bxc3 d5 13. Bd3 0-0 14. c4 Bg4 15. cxd5 Qxd5 16. Bc4 Bxf3 17. gxf3 Nxd4 18. Bxd5+ Nxd5 19. Qe4 Nxf4 20. Kh1 Nde2 21. Rae1 Rfe8 22. Qc4+ Kh8 23. Qb5 b6 24. Rg1 Re5 25. Qc6 Ng3+ 26. Rxg3 Rxe1+ 27. Rg1 Rxg1+ 28. Kxg1 Rd8 29. Qc7 Rd1+ 30. Kf2 Rd2+ 31. Kg3 Nd5 32. Qc8# 1-0